A dictionary, English-Latin, and Latin-English : containing all the things necessary for the translating of either language into other. ... The seventh edition, enlarged. By Elisha Coles, ...

Bibliographic Details
Main Author: Coles, Elisha, 1640?-1680
Format: eBook
Language:Latin
Series:Eighteenth century collections online.
Online Access:Full text online

MARC

Tag First Indicator Second Indicator Subfields
LEADER 00000cam a2200000 4500
001 in00001908342
006 m | d |
007 cr |n||||||||n
008 831012s1711 enk|||| s 00||||lat d
005 20260403183151.8
035 |a (CStRLIN)ESTCT145299 
040 |a Uk-ES  |c Uk-ES  |d CStRLIN  |d Thomson Gale  |d UtOrBLW 
100 1 |a Coles, Elisha,  |d 1640?-1680. 
245 1 2 |a A dictionary, English-Latin, and Latin-English :  |b containing all the things necessary for the translating of either language into other. ... The seventh edition, enlarged. By Elisha Coles, ... 
264 3 |a London :  |b printed by Free. Collins, for R. Bonwick, W. Freeman, T. Goodwin, J. Walthoe, M. Wotton [and 5 others in London],  |c 1711. 
300 |a 1004 unnumbered pages ;  |c 8⁰. 
336 |a text  |b txt  |2 rdacontent 
337 |a computer  |b c  |2 rdamedia 
338 |a online resource  |b cr  |2 rdacarrier 
500 |a Reproduction of original from the British Library. 
510 4 |a English Short Title Catalog,  |c ESTCT145299. 
533 |a Electronic reproduction.  |b Farmington Hills, Mich. :  |c Thomson Gale,  |d 2003.  |n Available via the World Wide Web.  |n Access limited by licensing agreements  |7 s2003 miunns 
500 |a Electronic resource. 
830 0 |a Eighteenth century collections online. 
856 4 0 |u http://proxy.library.tamu.edu/login?url=https://galenet.galegroup.com/servlet/ECCO?c=1&stp=Author&ste=11&af=BN&ae=T145299&tiPG=1&dd=0&dc=flc&docNum=CW116930154&vrsn=1.0&srchtp=a&d4=0.33&n=10&SU=0LRK&locID=txshracd2898  |z Full text online  |t 0 
999 |a MARS 
999 f f |s 46ce44a3-f655-399b-9290-c1c2e3fe3b39  |i f009f396-6804-39f1-a2df-b0350d8c3286  |t 0 
952 f f |a Texas A&M University  |b College Station  |c Electronic Resources  |s www_evans  |d Available Online  |t 0  |h No information provided 
998 f f |t 0  |l Available Online